Statistics for Countries David Cameron has visited

Click here to take the quiz!

General Stats

  • This quiz has been taken 47 times
  • The average score is 33 of 46

Answer Stats

ContinentCountry% Correct
North AmericaUnited States of America
94%
OceaniaAustralia
92%
South AmericaBrazil
92%
North AmericaCanada
92%
Asia/ EuropeRussia
92%
AsiaChina
89%
EuropeFrance
89%
EuropeGermany
89%
North AmericaMexico
89%
AsiaIndia
86%
EuropeItaly
86%
EuropePortugal
86%
EuropeSpain
86%
EuropeBelgium
83%
EuropeIreland
83%
AsiaSouth Korea
83%
Asia/ EuropeTurkey
83%
AfricaEgypt
81%
AsiaJapan
81%
EuropeNorway
81%
EuropeSweden
81%
EuropeSwitzerland
81%
AsiaIndonesia
78%
AsiaIsrael
78%
AfricaSouth Africa
78%
AfricaAlgeria
75%
AsiaPakistan
75%
AsiaAfghanistan
72%
AfricaNigeria
72%
AsiaSaudi Arabia
72%
AsiaUnited Arab Emirates
69%
AsiaSingapore
67%
EuropeCzech Republic
61%
AsiaMalaysia
61%
AfricaLibya
58%
EuropeLithuania
58%
AsiaJordan
56%
EuropeLatvia
56%
AsiaSri Lanka
53%
AsiaKazakhstan
50%
AsiaKuwait
47%
AsiaOman
47%
AsiaQatar
47%
AfricaLiberia
39%
AsiaMyanmar
33%
AsiaPalestine
31%

Score Distribution

Percentile by Number Answered

Percent of People with Each Score

Your Score History

You have not taken this quiz